|
|
|
|
| LEADER |
02793nam a2200529 a 4500 |
| 001 |
29018 |
| 003 |
BD-DhAAL |
| 005 |
20200312101734.0 |
| 008 |
150320s2008 enkab b 001 0 eng |
| 999 |
|
|
|c 34118
|d 34118
|
| 010 |
|
|
|a 2009292384
|
| 015 |
|
|
|a GBA887930
|2 bnb
|
| 016 |
7 |
|
|a 014668271
|2 Uk
|
| 020 |
|
|
|a 9780230574533 (hbk.)
|
| 020 |
|
|
|a 9780230279155 (pbk)
|
| 020 |
|
|
|a 023057453X (hbk.)
|
| 035 |
|
|
|a (OCoLC)ocn226357017
|
| 040 |
|
|
|a UKM
|c UKM
|d BTCTA
|d BAKER
|d YDXCP
|d BWKUK
|d BWK
|d BWX
|d CDX
|d IXA
|d DLC
|d BD-DhAAL
|
| 042 |
|
|
|a ukscp
|a lccopycat
|
| 043 |
|
|
|a a-ii---
|a e-uk---
|
| 050 |
0 |
0 |
|a DS485.B48
|b W55 2008
|
| 082 |
0 |
4 |
|a 954.14031
|2 22
|
| 100 |
1 |
|
|a Wilson, Jon E.
|9 9957
|
| 245 |
1 |
4 |
|a The domination of strangers :
|b modern governance in eastern India, 1780-1835 /
|c Jon E. Wilson.
|
| 260 |
|
|
|a Basingstoke ;
|a New York :
|b Palgrave Macmillan,
|c c2008, 2010
|
| 300 |
|
|
|a xii, 242 pages :
|b illustrations, maps ;
|c 23 cm.
|
| 490 |
|
0 |
|a Cambridge imperial and post-colonial studies series
|
| 504 |
|
|
|a Includes bibliographical references (pages 223-237) and index.
|
| 526 |
|
|
|a Residential Campus
|
| 541 |
|
|
|a Book Finder International
|e 29018, 37181
|
| 610 |
2 |
0 |
|a East India Company
|x History.
|9 6366
|
| 650 |
|
0 |
|a State, The
|v Case studies.
|9 9958
|
| 650 |
|
0 |
|a Civil society
|v Case studies.
|9 9959
|
| 651 |
|
0 |
|a Bengal (India)
|x Politics and government
|y 18th century.
|9 6368
|
| 651 |
|
0 |
|a Bengal (India)
|x Politics and government
|y 19th century.
|9 9960
|
| 651 |
|
0 |
|a Bihar (India)
|x Politics and government
|y 18th century.
|9 9961
|
| 651 |
|
0 |
|a Bihar (India)
|x Politics and government
|y 19th century.
|9 9962
|
| 651 |
|
0 |
|a India
|x Politics and government
|y 1765-1947.
|9 9963
|
| 651 |
|
0 |
|a India
|x History
|y British occupation, 1765-1947.
|9 7503
|
| 651 |
|
0 |
|a Great Britain
|x Colonies
|z Asia
|x Administration
|x History.
|9 9964
|
| 830 |
|
|
|a Cambridge imperial and post-colonial studies series
|9 39857
|
| 852 |
|
|
|a Ayesha Abed Library
|c General Stacks
|
| 942 |
|
|
|2 ddc
|c BK
|
| 952 |
|
|
|0 0
|1 0
|2 ddc
|4 0
|6 954_140310000000000_WIL
|7 0
|9 53242
|a BRACUL
|b BRACUL
|c GEN
|d 2015-03-20
|e Karim International
|g 2460.00
|l 1
|o 954.14031 WIL
|p 3010029018
|r 2024-02-27
|s 2024-02-27
|t 1
|w 2015-03-20
|y BK
|
| 952 |
|
|
|0 0
|1 0
|2 ddc
|4 0
|6 954_140310000000000_WIL
|7 0
|9 53243
|a BRACUL
|b BRACUL
|c GEN
|d 2015-03-20
|e Karim International
|g 2460.00
|l 1
|m 1
|o 954.14031 WIL
|p 3010029019
|r 2017-09-21
|s 2017-08-29
|t 2
|w 2015-03-20
|y BK
|
| 952 |
|
|
|0 0
|1 0
|2 ddc
|4 0
|6 954_140310000000000_WIL
|7 0
|9 53244
|a BRACUL
|b BRACUL
|c GEN
|d 2015-03-20
|e Karim International
|g 2460.00
|l 3
|m 10
|o 954.14031 WIL
|p 3010029020
|r 2020-02-02
|s 2020-01-06
|t 3
|w 2015-03-20
|y BK
|
| 952 |
|
|
|0 0
|1 0
|2 ddc
|4 0
|6 954_140310000000000_WIL
|7 0
|9 68078
|a SCL
|b SCL
|c GEN
|d 2020-03-03
|e Book Finder International
|g 2210.75
|l 2
|m 5
|o 954.14031 WIL
|p 3020037181
|r 2023-02-06
|s 2023-02-02
|t 4
|v 2210.75
|w 2020-03-03
|y BK
|